000 00609nam a2200169 a 4500
001 000034530
005 20200930073742.0
008 111005s1902 dr 000 0 spa d
040 _aDO-SdBNP
_bspa
_cBNPHU
082 _axxxx
_bC352d
100 1 _aCastillo L., Pelegrin
_959966
245 1 3 _aEl divorcio es de orden público internacional.
260 _aSanto Domingo :
_bImprenta "La Cuna de América",
_c1902.
300 _a40 p. ;
_c23 cm.
502 _aTesis para obtener el título de Licenciatura en Derecho en el Instituto Profesional de la República Dominicana, Falcultad de Derecho
049 _aBNPD
999 _c34021
_d34021